000 01744cam a22004457a 4500
003 CHAP
005 20220817043934.0
008 040519s2004 mx ab r 00010 spa d
010 _a88287
011 _a89259
035 _a99810
040 _cCHAP
090 _aTesis
100 0 0 _aPastrana Góngora, Marcela.
_986129
245 1 0 _aCaracterización climática del estado de Tlaxcala bajo escenarios de cambio climático y probabilidades de precipitación
_c/por Marcela Pastrana Góngora
260 _aChapingo, Méx. :
_bEl autor,
_c2004.
300 _a150 h. ;
_bgráfs. ; cuadros ; mapas
502 _aTesis (Ing. en Planeación y Manejo de los Recursos Naturales Renovables) -- UACH. Departamento de Suelos
530 _aTambién disponible en línea
590 _aALEPH
_b10
_c20130110
_lUCH01
_h1457
590 _aBATCH-UPD
_b10
_c20130110
_lUCH01
_h0153
590 _aBATCH-UPD
_b10
_c20130110
_lUCH01
_h1340
590 _aBATCH-UPD
_b10
_c20130409
_lUCH01
_h2153
590 _aBATCH-UPD
_b10
_c20130410
_lUCH01
_h0841
590 _aBATCH-UPD
_b10
_c20130914
_lUCH01
_h0822
590 _aBATCH-UPD
_b10
_c20140324
_lUCH01
_h1443
590 _aBATCH-UPD
_b10
_c20141002
_lUCH01
_h0821
590 _aCONVERSION
_b10
_c20130109
_lUCH01
_h1349
650 1 4 _aCambios climáticos.
_917792
650 1 4 _aClima
_zTlaxcala.
_923858
650 1 4 _aClimatología.
_923864
650 1 4 _aEvapotranspirómetro.
_938970
650 1 4 _aPrecipitación (meteorología)
_zMéxico (D F).
856 _3Finding aid
_uhttp://10.13.5.2/tesis/99810.pdf
_zTeclea aqui
901 _aBK
905 _aAlejandra Carrasco M.
942 _cFOLL
949 _aTesis
_bBC
_cTES
_d33724000922134
_eTS2
_h41787
_i99810
_si
949 _aTesis
_bBC
_cTES
_d998101
_eTS1
_h41786
_i99810
_sb
999 _c88287
_d88287